[Event "Lisbon Portugal rapid op"]
[Site "Lisbon"]
[Date "2022.09.04"]
[Round "11"]
[White "Elias, Benjamim do Vale"]
[Black "Leao, Tiago Miguel da S"]
[Result "1-0"]
[WhiteElo "1784"]
[BlackElo "2155"]
[PlyCount "107"]
[EventDate "2022.09.03"]
[EventType "swiss (rapid)"]
[EventRounds "11"]
[EventCountry "POR"]
[SourceTitle "CBM 210 Extra"]
[Source "ChessBase"]
[SourceDate "2022.11.30"]
[SourceVersion "1"]
[SourceVersionDate "2022.11.30"]
[SourceQuality "1"]

1. f4 c5 2. Nf3 Nc6 3. e3 Nf6 4. b3 d5 5. Bb5 Bd7 6. Bb2 a6 7. Bxc6 Bxc6 8. Ne5 e6 9. Nxc6 bxc6 10. 0-0 Bd6 11. d3 Qe7 12. Nd2 e5 13. f5 0-0 14. Qe2 Nd7 15. e4 f6 16. g4 a5 17. a4 Rab8 18. Bc3 Ra8 19. Rae1 Bc7 20. Nf3 Bb6 21. Kh1 Rfd8 22. Bd2 Qf7 23. Be3 c4 24. bxc4 dxc4 25. d4 exd4 26. Bxd4 c5 27. Bc3 Re8 28. Nd2 Kh8 29. Qxc4 Qe7 30. Nf3 Bc7 31. Re2 Rad8 32. g5 Ne5 33. gxf6 gxf6 34. Nxe5 Bxe5 35. Rg1 Bxc3 36. Qxc3 Rd4 37. Rg4 Qe5 38. Qg3 Rd1+ 39. Kg2 Rd4 40. Qf3 Rxa4 41. h4 Rd4 42. h5 Rd1 43. h6 Qd4 44. Rf2 Rd2 45. Qg3 Rxf2+ 46. Qxf2 Rxe4 47. Rg7 Qxf2+ 48. Kxf2 Rf4+ 49. Ke3 Rxf5 50. Ra7 Kg8 51. Rxa5 Rh5 52. Kf4 Kf7 53. Ra7+ Kg6 54. Rg7+ 1-0

[Event "Lisbon Portugal rapid op"]
[Site "Lisbon"]
[Date "2022.09.03"]
[Round "7"]
[White "Elias, Benjamim do Vale"]
[Black "Leao, Tiago Miguel da S"]
[Result "0-1"]
[WhiteElo "1784"]
[BlackElo "2155"]
[PlyCount "66"]
[EventDate "2022.09.03"]
[EventType "swiss (rapid)"]
[EventRounds "11"]
[EventCountry "POR"]
[SourceTitle "CBM 210 Extra"]
[Source "ChessBase"]
[SourceDate "2022.11.30"]
[SourceVersion "1"]
[SourceVersionDate "2022.11.30"]
[SourceQuality "1"]

1. d4 Nf6 2. Nf3 e6 3. c4 d5 4. g3 Bb4+ 5. Bd2 Be7 6. Bg2 0-0 7. 0-0 Ne4 8. Qc2 Nd7 9. cxd5 exd5 10. Nc3 Nxd2 11. Nxd2 c6 12. e4 dxe4 13. Ndxe4 Nf6 14. Rad1 Be6 15. Nc5 Bxc5 16. dxc5 Qe7 17. Ne4 Bf5 18. Nxf6+ Qxf6 19. Qb3 Rab8 20. Rfe1 Be6 21. Qa3 a6 22. Rd6 Qg5 23. h4 Qg4 24. Qd3 Qb4 25. Rc1 Bxa2 26. Be4 h6 27. b3 Qxb3 28. Qd4 a5 29. Bd3 Qb4 30. Qa1 Bd5 31. Rxh6 gxh6 32. Qf6 Qd2 33. Qf5 Qxc1+ 0-1

[Event "Lisbon Portugal rapid op"]
[Site "Lisbon"]
[Date "2022.09.03"]
[Round "4"]
[White "Goncalves, Samuel Jesus P"]
[Black "Elias, Benjamim do Vale"]
[Result "1-0"]
[WhiteElo "2066"]
[BlackElo "1784"]
[PlyCount "165"]
[EventDate "2022.09.03"]
[EventType "swiss (rapid)"]
[EventRounds "11"]
[EventCountry "POR"]
[SourceTitle "CBM 210 Extra"]
[Source "ChessBase"]
[SourceDate "2022.11.30"]
[SourceVersion "1"]
[SourceVersionDate "2022.11.30"]
[SourceQuality "1"]

1. Nf3 Nf6 2. b3 d6 3. Bb2 e5 4. d3 Be7 5. g3 c6 6. Bg2 Nbd7 7. Nbd2 0-0 8. c4 Re8 9. 0-0 Nf8 10. Qc2 Ng6 11. d4 exd4 12. Nxd4 Bf8 13. Rae1 d5 14. e4 dxe4 15. Nxe4 Nxe4 16. Rxe4 Rxe4 17. Qxe4 Qf6 18. Ba1 Bd7 19. Qd3 Qd6 20. Qc2 Be6 21. h4 Re8 22. Nxe6 Qxe6 23. Bd4 a6 24. Qc3 Ne7 25. Re1 Qd7 26. Qe3 Rd8 27. Bb6 Re8 28. Kh2 f5 29. Bf3 Kf7 30. Rd1 Qc8 31. Qg5 g6 32. Qf4 Ng8 33. Qd4 Bg7 34. Qd3 Nf6 35. Kg2 Kg8 36. Be3 Ne4 37. Bf4 Nc3 38. Rd2 Ne4 39. Re2 Nf6 40. Rc2 Ne4 41. Rc1 Nf6 42. Rd1 Ne4 43. Qd7 Nf6 44. Qd6 Qe6 45. Qc7 Re7 46. Rd8+ Kf7 47. Qb8 Ne4 48. Qc8 Qxc8 49. Rxc8 Rd7 50. h5 Bd4 51. hxg6+ hxg6 52. Bxe4 fxe4 53. Rb8 Re7 54. Be3 Be5 55. Rd8 Bc7 56. Rd2 Ba5 57. Rd1 Ke6 58. Kh3 Kf5 59. g4+ Ke6 60. Kh4 Re8 61. Kg5 Rg8 62. Kh6 Bd8 63. Kh7 Re8 64. Kg7 g5 65. Rh1 Bf6+ 66. Kg6 Re7 67. Rh6 Rg7+ 68. Kh5 Kf7 69. Bc5 Bd8 70. Bd6 Bf6 71. c5 Bc3 72. Rh8 Bd4 73. Rb8 Rh7+ 74. Kxg5 Bf6+ 75. Kf5 Bd4 76. Rxb7+ Kg8 77. Rb8+ Kf7 78. g5 Rh1 79. Kxe4 Bxf2 80. Kf5 Bd4 81. Rb7+ Kg8 82. Kg6 Bg7 83. Rb8+ 1-0

[Event "Lisbon Portugal rapid 2op"]
[Site "Lisbon"]
[Date "2020.02.02"]
[Round "2"]
[White "Santos, Jose Guilherme B Li"]
[Black "Elias, Benjamim do Vale"]
[Result "1-0"]
[WhiteElo "2232"]
[BlackElo "1807"]
[PlyCount "57"]
[EventDate "2020.01.02"]
[EventType "swiss (rapid)"]
[EventRounds "8"]
[EventCountry "POR"]
[SourceTitle "CBM 194 Extra"]
[Source "ChessBase"]
[SourceDate "2020.03.31"]
[SourceVersion "1"]
[SourceVersionDate "2020.03.31"]
[SourceQuality "1"]

1. Nf3 g6 2. e4 d6 3. d4 Bg7 4. c4 Nd7 5. Nc3 e5 6. d5 Ne7 7. Be2 0-0 8. 0-0 f5 9. exf5 Nxf5 10. Bg5 Bf6 11. Bxf6 Nxf6 12. Qd2 h6 13. Bd3 Kh7 14. Rfe1 Re8 15. Rac1 e4 16. Nxe4 Nxe4 17. Bxe4 Qf6 18. c5 Ng7 19. cxd6 Qxd6 20. Nh4 Bf5 21. Nxf5 gxf5 22. Bf3 Rxe1+ 23. Rxe1 Re8 24. Rxe8 Nxe8 25. Qe3 Nf6 26. Qe6 Qxe6 27. dxe6 c6 28. e7 Kg7 29. Bh5 1-0

[Event "Lisbon Portugal op"]
[Site "Lisbon"]
[Date "2020.01.25"]
[Round "1"]
[White "Elias, Benjamim do Vale"]
[Black "Goluch, Piotr"]
[Result "0-1"]
[WhiteElo "1807"]
[BlackElo "2413"]
[PlyCount "95"]
[EventDate "2020.01.25"]
[EventType "swiss"]
[EventRounds "9"]
[EventCountry "POR"]
[SourceTitle "CBM 194"]
[Source "ChessBase"]
[SourceDate "2020.01.27"]
[SourceVersion "1"]
[SourceVersionDate "2020.01.27"]
[SourceQuality "1"]

1. f4 d5 2. c3 c5 3. d3 Nf6 4. g3 Nc6 5. Nf3 g6 6. Bg2 Bg7 7. 0-0 0-0 8. Kh1 Re8 9. Be3 b6 10. Bg1 Bb7 11. Nbd2 Qc7 12. Re1 e5 13. fxe5 Nxe5 14. Rc1 Neg4 15. Nf1 Bh6 16. Rc2 Re6 17. e3 Rae8 18. Qc1 Nh5 19. Rce2 f5 20. h3 Ngf6 21. Bh2 Qe7 22. Qc2 g5 23. Ng1 g4 24. b3 gxh3 25. Nxh3 Ng4 26. d4 Rf8 27. Bf3 Qf7 28. Bg1 Ree8 29. Bh2 Kh8 30. Qd3 c4 31. Qc2 cxb3 32. axb3 Ba6 33. Bxg4 fxg4 34. Rf2 Nf6 35. Nf4 Ne4 36. Rg2 Qf5 37. Qa2 Bxf4 38. Qxa6 Bb8 39. Qa1 Nf2+ 40. Kg1 Nh3+ 41. Kh1 Ng5 42. Qb1 Ne4 43. Qc1 Qh5 44. Kg1 Re6 45. c4 Rh6 46. Qc2 Rhf6 47. cxd5 Ng5 48. Qe2 0-1

[Event "POR-ch Seniors 50+"]
[Site "Luso"]
[Date "2017.04.12"]
[Round "5"]
[White "Elias, Benjamim do Vale"]
[Black "Dias, Jose Oliveira Gaspa"]
[Result "1-0"]
[WhiteElo "1859"]
[BlackElo "1664"]
[PlyCount "147"]
[EventDate "2017.04.09"]
[EventType "swiss"]
[EventRounds "5"]
[EventCountry "POR"]
[SourceTitle "EXT 2018"]
[Source "ChessBase"]
[SourceDate "2017.10.13"]
[SourceVersion "1"]
[SourceVersionDate "2017.10.13"]
[SourceQuality "1"]

1. f4 d5 2. c3 Nc6 3. d3 Nf6 4. Nf3 Qd6 5. g3 e5 6. fxe5 Nxe5 7. Bg2 Nxf3+ 8. Bxf3 Bh3 9. Bf4 Qb6 10. Qb3 Qxb3 11. axb3 c6 12. b4 h6 13. Nd2 Be7 14. Kf2 0-0 15. Rhc1 Rfe8 16. Nb3 g5 17. Be3 b6 18. Bd4 Bf5 19. Bxf6 Bxf6 20. g4 Bg6 21. Ra3 Be5 22. Kg2 Re7 23. Re1 Rae8 24. Raa1 f5 25. h3 fxg4 26. hxg4 Bb8 27. Rh1 Kg7 28. Nd4 Rc8 29. Nf5+ Bxf5 30. gxf5 Rf8 31. Bg4 Re3 32. Rh3 Rxh3 33. Kxh3 Re8 34. Bf3 Kf6 35. Kg4 Re5 36. e4 dxe4 37. Bxe4 c5 38. bxc5 Rxc5 39. Rh1 Kg7 40. c4 Be5 41. b4 Rc7 42. b5 Bd4 43. Bd5 Be5 44. Re1 Re7 45. Be6 Kf6 46. Re4 Bb8 47. Rd4 Be5 48. Rd8 h5+ 49. Kxh5 Rh7+ 50. Kg4 Rh4+ 51. Kf3 g4+ 52. Kg2 Rh2+ 53. Kg1 Ra2 54. d4 Bh2+ 55. Kf1 g3 56. Rf8+ Kg5 57. Bd5 Ra1+ 58. Ke2 Kf4 59. f6 Ra2+ 60. Kd3 Ra3+ 61. Kc2 g2 62. Bxg2 Ra2+ 63. Kb3 Rxg2 64. f7 Rf2 65. Rg8 Rf3+ 66. Kc2 Rf2+ 67. Kd3 Rf3+ 68. Ke2 Re3+ 69. Kf2 Rf3+ 70. Kg2 Ke4 71. Re8+ Be5 72. Rxe5+ Kxd4 73. Kxf3 Kxe5 74. f8Q 1-0

[Event "POR-ch Seniors 50+"]
[Site "Luso"]
[Date "2017.04.11"]
[Round "4"]
[White "Morais, Vitor Mestre"]
[Black "Elias, Benjamim do Vale"]
[Result "1/2-1/2"]
[WhiteElo "1890"]
[BlackElo "1859"]
[PlyCount "137"]
[EventDate "2017.04.09"]
[EventType "swiss"]
[EventRounds "5"]
[EventCountry "POR"]
[SourceTitle "EXT 2018"]
[Source "ChessBase"]
[SourceDate "2017.10.13"]
[SourceVersion "1"]
[SourceVersionDate "2017.10.13"]
[SourceQuality "1"]

1. c4 g6 2. Nc3 Bg7 3. g3 c5 4. Bg2 Nc6 5. a3 d6 6. e3 e6 7. Nge2 Nge7 8. 0-0 0-0 9. Rb1 Rb8 10. b4 b6 11. d4 cxd4 12. exd4 Bb7 13. d5 Ne5 14. dxe6 fxe6 15. Bxb7 Rxb7 16. Nf4 Qd7 17. c5 bxc5 18. Ne4 Nf5 19. Be3 cxb4 20. axb4 Re8 21. Qb3 Nf3+ 22. Kg2 N3d4 23. Qd3 Qb5 24. Rfd1 e5 25. Bxd4 Qxd3 26. Nxd3 exd4 27. Ng5 h6 28. Nf3 Rc8 29. g4 Ne7 30. Nf4 Rc4 31. Ne6 Rbxb4 32. Rxb4 Rxb4 33. Nxg7 Kxg7 34. Nxd4 Kf6 35. h3 g5 36. Kf3 Ng6 37. Ne2 Ke7 38. Ra1 Rb7 39. Nd4 Nh4+ 40. Kg3 Kf6 41. f4 Ng6 42. fxg5+ hxg5 43. Nc6 Ne5 44. Nxa7 Ke6 45. h4 gxh4+ 46. Kxh4 Rg7 47. Ra4 Nxg4 48. Nb5 Ne5 49. Ra6 Nf7 50. Nxd6 Nxd6 51. Kh3 Ke5 52. Kh2 Ne4 53. Ra8 Kd4 54. Rf8 Ke3 55. Rf1 Nf2 56. Ra1 Rh7+ 57. Kg2 Rg7+ 58. Kh2 Nd3 59. Ra3 Rg6 60. Rc3 Kd2 61. Ra3 Nf4 62. Ra2+ Ke3 63. Ra3+ Kf2 64. Ra2+ Ne2 65. Kh3 Ke3 66. Ra3+ Ke4 67. Ra4+ Nd4 68. Kh4 Rg1 69. Kh3 1/2-1/2

[Event "Lisbon Portugal rapid op"]
[Site "Lisbon"]
[Date "2017.02.11"]
[Round "4"]
[White "Elias, Benjamim do Vale"]
[Black "Martins, Bruno Andre Leite"]
[Result "1/2-1/2"]
[WhiteElo "1857"]
[BlackElo "1944"]
[PlyCount "122"]
[EventDate "2017.02.11"]
[EventType "swiss (rapid)"]
[EventRounds "8"]
[EventCountry "POR"]
[SourceTitle "CBM 176 Extra"]
[Source "ChessBase"]
[SourceDate "2017.03.02"]
[SourceVersion "1"]
[SourceVersionDate "2017.03.02"]
[SourceQuality "1"]

1. f4 g6 2. Nf3 Bg7 3. d4 Nf6 4. e3 d6 5. c4 0-0 6. Nc3 Re8 7. d5 e6 8. Be2 exd5 9. cxd5 Ng4 10. Qd3 Qe7 11. Nd1 f5 12. h3 Nf6 13. Nc3 Ne4 14. 0-0 Nd7 15. Rd1 Nxc3 16. bxc3 Nc5 17. Qc4 Ne4 18. Nd4 Bxd4 19. Qxd4 Qf6 20. Qxf6 Nxf6 21. Bf3 Bd7 22. c4 b6 23. Bb2 Ne4 24. Rac1 Ba4 25. Rd4 Nc5 26. Kf2 Bd7 27. Re1 Re7 28. Rdd1 Rae8 29. Bd4 Ne4+ 30. Kg1 Bc8 31. Rc1 Ba6 32. Be2 Nc5 33. Kf2 Ne4+ 34. Kg1 Kf7 35. Red1 Ng3 36. Bd3 Ne4 37. Rc2 Nc5 38. Be2 Bc8 39. Kf2 Bd7 40. Bd3 Ba4 41. Bxc5 dxc5 42. Re1 Bxc2 43. Bxc2 Rd7 44. Ba4 Red8 45. Bxd7 Rxd7 46. e4 fxe4 47. Rxe4 a6 48. a4 Re7 49. Re5 Rd7 50. g4 Kf6 51. Re6+ Kf7 52. Kf3 Rd6 53. Re5 h6 54. h4 Rd7 55. Ke4 Rd8 56. Re6 Re8 57. f5 gxf5+ 58. gxf5 Rg8 59. Rxh6 Rg4+ 60. Kd3 Rg3+ 61. Ke4 Rg4+ 1/2-1/2

[Event "Lisbon Honra-A"]
[Site "Lisbon"]
[Date "2014.06.14"]
[Round "9"]
[White "Elias, Benjamim do Vale"]
[Black "Silva, Goncalo Nuno Neto"]
[Result "0-1"]
[WhiteElo "1997"]
[BlackElo "1973"]
[PlyCount "152"]
[EventDate "2014.06.08"]
[EventType "tourn"]
[EventRounds "9"]
[EventCountry "POR"]
[SourceTitle "EXT 2015"]
[Source "ChessBase"]
[SourceDate "2014.11.20"]
[SourceVersion "1"]
[SourceVersionDate "2014.11.20"]
[SourceQuality "1"]

1. b3 e5 2. Bb2 d6 3. d4 exd4 4. Qxd4 Nf6 5. e3 Nc6 6. Bb5 Bd7 7. Bxc6 Bxc6 8. Nf3 Qd7 9. Nc3 Be7 10. h3 Qf5 11. 0-0-0 0-0 12. Qd3 Qg6 13. Rhg1 a5 14. Nd4 Qxd3 15. cxd3 Bd7 16. g4 c6 17. Nf5 Bxf5 18. gxf5 d5 19. Ne2 h6 20. Rg2 Kh7 21. Rdg1 Rg8 22. Nf4 Rad8 23. Kd2 c5 24. Ba3 Bd6 25. Ne2 b5 26. Bb2 Be7 27. f3 c4 28. Nd4 Bb4+ 29. Kc2 cxb3+ 30. axb3 Rc8+ 31. Kb1 Bc5 32. Nc2 Be7 33. Nd4 b4 34. Nc2 g6 35. Nd4 Bc5 36. fxg6+ fxg6 37. Nc2 Nd7 38. d4 Be7 39. e4 Nf6 40. e5 Nh5 41. Ne3 Nf4 42. Rg4 Rgf8 43. Rxf4 Rxf4 44. Nxd5 Rf7 45. e6 Rg7 46. Nb6 Rc6 47. d5 Rxb6 48. Bxg7 Kxg7 49. Kc2 Rd6 50. Rd1 Kf6 51. f4 Kf5 52. Rd4 g5 53. fxg5 hxg5 54. Kd3 Rd8 55. Kc4 Ke5 56. Rd1 Rc8+ 57. Kb5 Rc5+ 58. Ka4 Rxd5 59. Re1+ Kd6 60. h4 Re5 61. Rd1+ Kxe6 62. hxg5 Re3 63. Rg1 Kf7 64. g6+ Kg7 65. Rd1 Kxg6 66. Rd5 Re2 67. Kxa5 Kf6 68. Rd3 Re4 69. Ka4 Ke5 70. Rd7 Bd6 71. Rd8 Kd5 72. Rc8 Re2 73. Rc1 Rd2 74. Rc8 Ra2+ 75. Kb5 Ra3 76. Rc3 bxc3 0-1

[Event "Lisbon Honra-A"]
[Site "Lisbon"]
[Date "2014.06.10"]
[Round "5"]
[White "Ferreira, Luis Pedro Oliveira"]
[Black "Elias, Benjamim do Vale"]
[Result "1-0"]
[WhiteElo "2004"]
[BlackElo "1997"]
[PlyCount "99"]
[EventDate "2014.06.08"]
[EventType "tourn"]
[EventRounds "9"]
[EventCountry "POR"]
[SourceTitle "EXT 2015"]
[Source "ChessBase"]
[SourceDate "2014.11.20"]
[SourceVersion "1"]
[SourceVersionDate "2014.11.20"]
[SourceQuality "1"]

1. e4 Nc6 2. Nf3 d6 3. d4 Nf6 4. Bd3 g6 5. 0-0 Bg7 6. c3 e5 7. dxe5 dxe5 8. Qc2 0-0 9. Rd1 Qe7 10. b3 Rd8 11. Ba3 Qe8 12. Nbd2 Bg4 13. h3 Bxf3 14. Nxf3 h6 15. Bc1 a6 16. Be3 Nh5 17. Nd2 Nf4 18. Bf1 Ne6 19. b4 Ne7 20. f3 g5 21. Nb3 Qa4 22. Rxd8+ Rxd8 23. Nd4 Qxc2 24. Nxc2 Nf4 25. Na3 Bf8 26. Nc4 Nc6 27. a4 Ng6 28. b5 Nb8 29. bxa6 Nxa6 30. Rb1 Nc5 31. a5 Ra8 32. Rb5 Na4 33. Rxb7 Nxc3 34. Rxc7 Nd1 35. Bb6 Nc3 36. Ra7 Rc8 37. a6 Nb5 38. Rb7 Ra8 39. a7 Nxa7 40. Rxa7 Rb8 41. Bf2 Rb1 42. g3 Kg7 43. Ne3 Rb2 44. Nf5+ Kg8 45. Ra8 Kh7 46. Bc4 Rb7 47. Ra7 Rxa7 48. Bxa7 Kg8 49. Be3 Bb4 50. Nxh6+ 1-0

[Event "LSS No Engine Cup 63 Final"]
[Site "LSS email"]
[Date "2012.12.24"]
[Round "?"]
[White "Borodin, Sergey Viktorovich"]
[Black "Elias, Benjamim do Vale"]
[Result "1/2-1/2"]
[WhiteElo "1533"]
[BlackElo "1965"]
[PlyCount "109"]
[EventDate "2012.12.25"]
[EventType "tourn (corr)"]
[EventRounds "6"]
[EventCountry "GER"]
[SourceTitle "Telechess CBM 159"]
[Source "ChessBase"]
[SourceDate "2014.03.17"]
[SourceVersion "1"]
[SourceVersionDate "2014.03.17"]
[SourceQuality "1"]

1. c3 g6 2. e4 d6 3. d4 Nf6 4. Bd3 c5 5. Nf3 Bg7 6. 0-0 0-0 7. dxc5 dxc5 8. Be3 Bg4 9. Bxc5 Qc7 10. Ba3 Nc6 11. Nbd2 Rad8 12. Qc2 Bh6 13. Rfd1 Ne5 14. Be2 Nh5 15. Nf1 Nf4 16. Rxd8 Nxe2+ 17. Qxe2 Rxd8 18. Rd1 Rxd1 19. Qxd1 Bf4 20. Qa4 Nxf3+ 21. gxf3 Bxf3 22. Qe8+ Kg7 23. Bxe7 Qb8 24. Bf8+ Kg8 25. Qxb8 Bxb8 26. Nd2 Be2 27. Bh6 f6 28. Be3 Kf7 29. f3 b6 30. Kf2 Bd3 31. f4 Bc2 32. h4 Bd6 33. a3 Be7 34. Kg3 Ke6 35. Bf2 Bd6 36. Bd4 h6 37. Kf3 Be7 38. Bf2 f5 39. e5 g5 40. hxg5 hxg5 41. Be3 gxf4 42. Bxf4 Kd5 43. c4+ Kd4 44. e6 Be4+ 45. Nxe4 fxe4+ 46. Kg3 Kd3 47. b4 e3 48. Kf3 e2 49. Bg3 Kxc4 50. Kxe2 Kd5 51. Kd3 Kxe6 52. Kc4 a6 53. b5 axb5+ 54. Kxb5 Bxa3 55. Kxb6 1/2-1/2

[Event "LSS No Engine Cup 63 Final"]
[Site "LSS email"]
[Date "2012.12.24"]
[Round "?"]
[White "Elias, Benjamim do Vale"]
[Black "Gimenes, Hamilton"]
[Result "1/2-1/2"]
[WhiteElo "1965"]
[BlackElo "1485"]
[PlyCount "71"]
[EventDate "2012.12.25"]
[EventType "tourn (corr)"]
[EventRounds "6"]
[EventCountry "GER"]
[SourceTitle "Telechess CBM 159"]
[Source "ChessBase"]
[SourceDate "2014.03.17"]
[SourceVersion "1"]
[SourceVersionDate "2014.03.17"]
[SourceQuality "1"]

1. f4 d5 2. b3 Bg4 3. g3 Nf6 4. Bb2 Nc6 5. Nf3 e6 6. Bg2 Bd6 7. Nc3 0-0 8. d4 Qe7 9. 0-0 Bxf3 10. Bxf3 Nxd4 11. e4 Bb4 12. Bg2 Nc6 13. exd5 Rad8 14. Qd3 Ba3 15. d6 Bxd6 16. Qc4 Bc5+ 17. Kh1 Rd4 18. Qe2 Rfd8 19. Rad1 Rxd1 20. Nxd1 Nd5 21. c4 Ndb4 22. a3 Nd3 23. b4 Nxb2 24. Nxb2 Bd4 25. Nd3 Qe8 26. Qe4 h6 27. Nc1 f5 28. Qf3 Bf6 29. Nb3 e5 30. fxe5 Nxe5 31. Qxf5 Nxc4 32. Be4 b6 33. Qh7+ Kf8 34. Qh8+ Ke7 35. Qxe8+ Rxe8 36. Rc1 1/2-1/2

[Event "LSS No Engine Cup 63 Final"]
[Site "LSS email"]
[Date "2012.12.24"]
[Round "?"]
[White "Elias, Benjamim do Vale"]
[Black "Ustimenko, Aleksandr"]
[Result "0-1"]
[WhiteElo "1965"]
[BlackElo "2012"]
[PlyCount "98"]
[EventDate "2012.12.25"]
[EventType "tourn (corr)"]
[EventRounds "6"]
[EventCountry "GER"]
[SourceTitle "Telechess CBM 159"]
[Source "ChessBase"]
[SourceDate "2014.03.17"]
[SourceVersion "1"]
[SourceVersionDate "2014.03.17"]
[SourceQuality "1"]

1. f4 Nf6 2. b3 d6 3. e3 e5 4. Nc3 exf4 5. exf4 Be7 6. Be2 0-0 7. Nf3 Re8 8. d4 c5 9. 0-0 d5 10. Bb2 Nc6 11. Na4 cxd4 12. Nxd4 Bd7 13. Bf3 Rc8 14. Re1 b6 15. Nxc6 Bxc6 16. Qd3 Qd7 17. Nc3 Bc5+ 18. Kh1 Rcd8 19. Rxe8+ Rxe8 20. Rf1 h5 21. a4 Re3 22. Qd1 Rxf3 23. gxf3 Qh3 24. Nb5 Ng4 25. Qe2 Nxh2 26. Qg2 Qxg2+ 27. Kxg2 Nxf1 28. Kxf1 Bd7 29. Nxa7 Bh3+ 30. Ke2 Bf5 31. Nc6 Bxc2 32. b4 Bd6 33. a5 bxa5 34. bxa5 Ba4 35. Be5 Bb5+ 36. Ke3 Bxe5 37. Nxe5 f5 38. Kd4 h4 39. Ng6 h3 40. Ne7+ Kf7 41. Nxf5 g6 42. Ng3 Ke6 43. Ke3 Ba6 44. Kf2 Bc8 45. Ke3 Kd6 46. Kd4 h2 47. Ke3 Kc6 48. Kf2 Bh3 49. Nh1 d4 0-1

[Event "LSS No Engine Cup 63 Final"]
[Site "LSS email"]
[Date "2012.12.24"]
[Round "?"]
[White "Hammerschmidt, Volker"]
[Black "Elias, Benjamim do Vale"]
[Result "1/2-1/2"]
[WhiteElo "1907"]
[BlackElo "1965"]
[PlyCount "42"]
[EventDate "2012.12.25"]
[EventType "tourn (corr)"]
[EventRounds "6"]
[EventCountry "GER"]
[SourceTitle "Telechess CBM 159"]
[Source "ChessBase"]
[SourceDate "2014.03.17"]
[SourceVersion "1"]
[SourceVersionDate "2014.03.17"]
[SourceQuality "1"]

1. e4 g6 2. d4 d6 3. Nc3 Nf6 4. f4 Bg7 5. e5 Nfd7 6. Nf3 0-0 7. h4 c5 8. e6 fxe6 9. h5 cxd4 10. Nxd4 Nc5 11. hxg6 hxg6 12. Be3 Nc6 13. Nxc6 bxc6 14. Qg4 e5 15. Qh4 Rxf4 16. Bxf4 exf4 17. 0-0-0 d5 18. Re1 Be6 19. Qxf4 Qb8 20. Qg5 Bf5 21. Rxe7 Bf6 1/2-1/2

[Event "LSS No Engine Cup 63 Final"]
[Site "LSS email"]
[Date "2012.12.24"]
[Round "?"]
[White "Svrsek, Radomir Jr"]
[Black "Elias, Benjamim do Vale"]
[Result "1/2-1/2"]
[WhiteElo "1916"]
[BlackElo "1965"]
[PlyCount "38"]
[EventDate "2012.12.25"]
[EventType "tourn (corr)"]
[EventRounds "6"]
[EventCountry "GER"]
[SourceTitle "Corr 2015"]
[Source "ChessBase"]
[SourceDate "2015.07.17"]
[SourceVersion "1"]
[SourceVersionDate "2015.07.17"]
[SourceQuality "1"]

1. e4 d6 2. d4 Nf6 3. Nc3 g6 4. Nf3 Bg7 5. Be2 0-0 6. 0-0 c6 7. h3 Qc7 8. Bf4 Nh5 9. Bg5 Re8 10. Qd2 Nd7 11. a4 e5 12. Rfd1 exd4 13. Nxd4 Nhf6 14. Qf4 h6 15. Bxh6 Bxh6 16. Qxh6 Nxe4 17. Nxe4 Rxe4 18. c3 d5 19. Bd3 Qf4 1/2-1/2

[Event "LSS No Engine Cup 50 Preliminary 2"]
[Site "LSS email"]
[Date "2011.09.06"]
[Round "?"]
[White "Elias, Benjamim do Vale"]
[Black "Murphy, Jones"]
[Result "1-0"]
[WhiteElo "1990"]
[BlackElo "1343"]
[PlyCount "69"]
[EventDate "2011.09.07"]
[EventType "tourn (corr)"]
[EventRounds "6"]
[EventCountry "GER"]
[SourceTitle "Telechess CBM 157"]
[Source "ChessBase"]
[SourceDate "2013.11.12"]
[SourceVersion "1"]
[SourceVersionDate "2013.11.12"]
[SourceQuality "1"]

1. f4 d5 2. b3 Nf6 3. Bb2 g6 4. d4 Bg7 5. e3 0-0 6. Nf3 c5 7. Be2 Qc7 8. 0-0 cxd4 9. Bxd4 Nc6 10. c3 Rd8 11. Bd3 Bg4 12. Nbd2 Rac8 13. h3 Bd7 14. Qe1 Nxd4 15. cxd4 Qc3 16. Ne5 Be8 17. Rc1 Qb2 18. Ndf3 Qxa2 19. Qb4 Bf8 20. Ra1 Qb2 21. Qxb7 Rb8 22. Qxa7 Rxb3 23. Rfb1 Qc3 24. Rxb3 Qxb3 25. Rb1 Qc3 26. Qa2 Qc7 27. g4 Rb8 28. Rxb8 Qxb8 29. g5 Ne4 30. Qxd5 Nc3 31. Qc4 Qb2 32. Qc8 Ba4 33. Nxf7 Kxf7 34. Bc4+ Kg7 35. Qe6 1-0

[Event "LSS No Engine Cup 50 Preliminary 2"]
[Site "LSS email"]
[Date "2011.09.06"]
[Round "?"]
[White "Elias, Benjamim do Vale"]
[Black "Neumann, Ulrich"]
[Result "1/2-1/2"]
[WhiteElo "1990"]
[BlackElo "1679"]
[PlyCount "91"]
[EventDate "2011.09.07"]
[EventType "tourn (corr)"]
[EventRounds "6"]
[EventCountry "GER"]
[SourceTitle "Telechess CBM 155"]
[Source "ChessBase"]
[SourceDate "2013.07.16"]
[SourceVersion "1"]
[SourceVersionDate "2013.07.16"]
[SourceQuality "1"]

1. f4 g6 2. d4 Bg7 3. b4 d6 4. e3 c5 5. c3 cxb4 6. cxb4 Nf6 7. Nf3 0-0 8. Nc3 Bf5 9. Bd3 Bxd3 10. Qxd3 Nc6 11. a3 e5 12. d5 e4 13. Nxe4 Nxe4 14. dxc6 Bxa1 15. cxb7 Rb8 16. Qxe4 Qb6 17. 0-0 Rfe8 18. Qd3 Rxb7 19. Bd2 Bg7 20. a4 Qc6 21. a5 Rc8 22. Rc1 Qd7 23. Rxc8+ Qxc8 24. Qd5 Rc7 25. h4 Qe6 26. Qa8+ Bf8 27. Kf2 Qc4 28. Qb8 Qc6 29. h5 Qb7 30. Qe8 gxh5 31. Nd4 Re7 32. Qd8 Qe4 33. Qc8 Re8 34. Qd7 d5 35. Nc6 Re6 36. Ne5 Rf6 37. Nf3 Bxb4 38. Bxb4 Qxb4 39. Qxa7 Kg7 40. Qc7 Re6 41. Qc2 Qa3 42. Qd2 Kg8 43. Nd4 Ra6 44. Qc2 Rxa5 45. Qc7 h6 46. Qd8+ 1/2-1/2

[Event "LSS No Engine Cup 50 Preliminary 2"]
[Site "LSS email"]
[Date "2011.09.06"]
[Round "?"]
[White "Rush, Bradley"]
[Black "Elias, Benjamim do Vale"]
[Result "0-1"]
[WhiteElo "885"]
[BlackElo "1990"]
[PlyCount "54"]
[EventDate "2011.09.07"]
[EventType "tourn (corr)"]
[EventRounds "6"]
[EventCountry "GER"]
[SourceTitle "Telechess CBM 155"]
[Source "ChessBase"]
[SourceDate "2013.07.16"]
[SourceVersion "1"]
[SourceVersionDate "2013.07.16"]
[SourceQuality "1"]

1. b4 c6 2. c4 Nf6 3. Bb2 d5 4. e3 Nbd7 5. Nf3 e6 6. c5 g6 7. Be2 Bg7 8. d4 0-0 9. 0-0 b6 10. Nbd2 a5 11. a3 axb4 12. axb4 Rxa1 13. Qxa1 b5 14. e4 Nxe4 15. Nxe4 dxe4 16. Ne5 Nxe5 17. dxe5 Qd2 18. Bd1 Qxb4 19. Be2 Rd8 20. Ba3 Qa5 21. Bd1 b4 22. Bb2 Qxc5 23. Bb3 e3 24. fxe3 Qxe3+ 25. Kh1 Qxb3 26. Qa7 Qxb2 27. Qxf7+ Kh8 0-1

[Event "LSS No Engine Cup 50 Preliminary 2"]
[Site "LSS email"]
[Date "2011.09.06"]
[Round "?"]
[White "Yangibayev, Rustam"]
[Black "Elias, Benjamim do Vale"]
[Result "0-1"]
[WhiteElo "882"]
[BlackElo "1990"]
[PlyCount "48"]
[EventDate "2011.09.07"]
[EventType "tourn (corr)"]
[EventRounds "6"]
[EventCountry "GER"]
[SourceTitle "Telechess CBM 155"]
[Source "ChessBase"]
[SourceDate "2013.07.16"]
[SourceVersion "1"]
[SourceVersionDate "2013.07.16"]
[SourceQuality "1"]

1. d4 d6 2. c4 c6 3. Nc3 Nd7 4. Nf3 g6 5. Bg5 Ngf6 6. Qd2 Bg7 7. e4 e5 8. d5 cxd5 9. cxd5 0-0 10. Bd3 Re8 11. Rc1 a6 12. 0-0 Nc5 13. Bb1 Qb6 14. b3 Bd7 15. Rfe1 Rac8 16. Bxf6 Bxf6 17. h4 Qb4 18. h5 Rc7 19. h6 Rec8 20. Qe3 Nxb3 21. axb3 Rxc3 22. Rxc3 Rxc3 23. Qd2 Rxb3 24. Qxb4 Rxb4 0-1